| 000 | 01285nam a22003017a 4500 | ||
|---|---|---|---|
| 005 | 20240530110540.0 | ||
| 008 | 160507s2013 ua o f 000 0 ara d | ||
| 017 |
_a2013/14123 _bمصر . دار الكتب المصرية |
||
| 020 | _a9789774484612 | ||
| 040 | _aEG-CaGPL | ||
| 082 | 0 | 4 |
_221 _a916.216 _bق/م م |
| 100 | 1 | _aميجون ، جاستون . | |
| 245 | 1 | 0 |
_aمدن الفنون المشهورة : _bالنيل و مفيس : القاهرة 1906 : الف تسعمائة و ستة / _cتاليف جاستون ميجون ؛ ترجمة مدحت عايد فهمى ؛ مراجعة فتحى حافظ الحديدى . |
| 250 | _aط1. | ||
| 260 |
_aالقاهرة : _bالهيئة المصرية العامة للكتاب ، _c2013 . |
||
| 300 |
_a135 ص : _bايض ؛ _c24 سم . |
||
| 490 | 0 | _aسلسلة القاهرة | |
| 650 | 0 | 4 | _aالاهرام . |
| 650 | 0 | 4 |
_aالمساجد _yالقاهرة . |
| 650 | 0 | 4 |
_aالمتاحف _yالقاهرة . |
| 650 | 0 | 4 | _aممفيس . |
| 650 | 0 | 4 |
_aالمقابر _yالقاهرة . |
| 651 | 0 | 4 |
_aالقاهرة _xوصف و رحلات . |
| 700 | 0 |
_aمدحت عايد فهمى _eمترجم . |
|
| 700 | 0 |
_aفتحى حافظ الحديدى _eمراجع . |
|
| 942 |
_2ddc _cBK |
||
| 999 |
_c62240 _d62240 |
||